Mechanics of Materials / (Record no. 1679)

MARC details
000 -LEADER
fixed length control field 00742nac a22002291u 4500
008 - FIXED-LENGTH DATA ELEMENTS--GENERAL INFORMATION
fixed length control field 100126t1976 nyu||||| |||| 001 0 eng d
010 ## - LIBRARY OF CONGRESS CONTROL NUMBER
LC control number 75028453
020 ## - INTERNATIONAL STANDARD BOOK NUMBER
International Standard Book Number 0471388122
082 00 - DEWEY DECIMAL CLASSIFICATION NUMBER
Classification number 620.112
Item number MEC
100 ## - MAIN ENTRY--PERSONAL NAME
Personal name 20080729
9 (RLIN) 10668
245 00 - TITLE STATEMENT
Title Mechanics of Materials /
Statement of responsibility, etc Archie Higdon ... [et al.].
250 ## - EDITION STATEMENT
Edition statement 3rd ed.
260 ## - PUBLICATION, DISTRIBUTION, ETC. (IMPRINT)
Place of publication, distribution, etc New York :
Name of publisher, distributor, etc Wiley,1976
Date of publication, distribution, etc 1976.
300 ## - PHYSICAL DESCRIPTION
Extent xv, 756 p. :
Other physical details ill. ;
Dimensions 24 cm.
500 ## - GENERAL NOTE
General note First-2d ed. entered under A. Higdon.
500 ## - GENERAL NOTE
General note Donations
500 ## - GENERAL NOTE
General note Donations - Dr. Mostafa Gouda
504 ## - BIBLIOGRAPHY, ETC. NOTE
Bibliography, etc Includes bibliographical references and index.
650 #0 - SUBJECT ADDED ENTRY--TOPICAL TERM
Topical term or geographic name as entry element Strength of materials.
9 (RLIN) 10669
700 1# - ADDED ENTRY--PERSONAL NAME
Personal name Higdon, Archie,
Dates associated with a name 1905-
9 (RLIN) 10670
942 ## - ADDED ENTRY ELEMENTS (KOHA)
Item type Book - Borrowing
Call number prefix 620.112MEC
Source of classification or shelving scheme Dewey Decimal Classification
Holdings
Withdrawn status Item status Damaged status Not for loan Home library Current library Shelving location Date acquired Source of acquisition Total Checkouts Full call number Barcode Date last seen Date last borrowed Koha item type
        Central Library Central Library First floor 04/12/2006 Purchase 3 620.112 MEC 000002662 15/07/2025 21/09/2010 Book - Borrowing